How to change the world : (Record no. 227)

MARC details
000 -LEADER
fixed length control field 00926cam a2200301 a 4500
001 - CONTROL NUMBER
control field 4473171
005 - DATE AND TIME OF LATEST TRANSACTION
control field 20200421093823.0
008 - FIXED-LENGTH DATA ELEMENTS--GENERAL INFORMATION
fixed length control field 100819s2011 enk b 001 0 eng|d
015 ## - NATIONAL BIBLIOGRAPHY NUMBER
National bibliography number GBB0A4779
Source bnb
020 ## - INTERNATIONAL STANDARD BOOK NUMBER
International Standard Book Number 9781408702871 (hbk.) :
Terms of availability £20.00
020 ## - INTERNATIONAL STANDARD BOOK NUMBER
International Standard Book Number 1408702878 (hbk.) :
Terms of availability £20.00
035 ## - SYSTEM CONTROL NUMBER
System control number (Uk)015639437
035 ## - SYSTEM CONTROL NUMBER
System control number 2366453
040 ## - CATALOGING SOURCE
Original cataloging agency StDuBDS
Language of cataloging eng
Transcribing agency StDuBDS
Modifying agency Uk
042 ## - AUTHENTICATION CODE
Authentication code ukblcatcopy
082 04 - DEWEY DECIMAL CLASSIFICATION NUMBER
Classification number 335.4
Edition information 22
100 1# - MAIN ENTRY--PERSONAL NAME
Personal name Hobsbawm, E. J.
Fuller form of name (Eric J.),
Dates associated with a name 1917-
245 10 - TITLE STATEMENT
Title How to change the world :
Remainder of title Marx and Marxism, 1840-2011 /
Statement of responsibility, etc. Eric Hobsbawm.
260 ## - PUBLICATION, DISTRIBUTION, ETC.
Place of publication, distribution, etc. London :
Name of publisher, distributor, etc. Little, Brown,
Date of publication, distribution, etc. 2011.
300 ## - PHYSICAL DESCRIPTION
Extent viii, 470 p. ;
Dimensions 24 cm.
500 ## - GENERAL NOTE
General note Formerly CIP.
Institution to which field applies Uk
504 ## - BIBLIOGRAPHY, ETC. NOTE
Bibliography, etc. note Includes bibliographical references and index.
600 10 - SUBJECT ADDED ENTRY--PERSONAL NAME
Personal name Marx, Karl,
Dates associated with a name 1818-1883.
9 (RLIN) 785
650 #0 - SUBJECT ADDED ENTRY--TOPICAL TERM
Topical term or geographic name entry element Communism.
9 (RLIN) 466
650 #0 - SUBJECT ADDED ENTRY--TOPICAL TERM
Topical term or geographic name entry element Socialism.
9 (RLIN) 467
650 #0 - SUBJECT ADDED ENTRY--TOPICAL TERM
Topical term or geographic name entry element Philosophy, Marxist.
9 (RLIN) 468
942 ## - ADDED ENTRY ELEMENTS (KOHA)
Source of classification or shelving scheme Dewey Decimal Classification
Koha item type Books
Holdings
Withdrawn status Lost status Damaged status Not for loan Collection Home library Current library Shelving location Date acquired Barcode Date last seen Price effective from Koha item type
        Reference Centerville Centerville General stacks 09/04/2014 39999000009774 09/04/2014 09/04/2014 Books
        Reference Centerville Centerville General stacks 09/04/2014 39999000009835 09/04/2014 09/04/2014 Books
        Reference Fairview Fairview General stacks 09/04/2014 39999000009811 09/04/2014 09/04/2014 Books
        Reference Midway Midway General stacks 09/04/2014 39999000009798 09/04/2014 09/04/2014 Books